02490nam a2200433 u 4500001000800000005001700008007001000025008004100035035001200076040001300088041000800101082000800109100004200117245011100159260004300270300001300313500012000326520080900446650004101255650003401296650002201330650003701352650003901389650004001428650003701468650003001505650002601535650004301561650004301604650003801647700004401685700005301729700005701782942001001839999001901849502001201868526000801880952016801888109751020260507084010.0co|||||||080814s2008 spa  a1097510 ccomduadb aspa 4a30210aLopez Gomez, Sabina4auteaut945701513aLa comunicacion en las ferias de la salud que ejecuta la Direccion de Promocion y Prevencion de Metrosalud aMedellín :b[sin publicador],c2008. a1 CD-ROM aPara ver el trabajo completo no debe abrirse en reproduccion automatica, sino por mi pc abrir trabajo completo pdf.3 aEsta monografía cualitativa aporta a la comprensión de la comunicación en una acción de promoción de la salud, la feria de la salud, operada por la dirección de Promoción de la Salud de Metrosalud en el municipio de Medellín y describe el origen de la feria, su acción y la percepción de quienes participan de ella. Tiene como objetivos, identificar los criterios que tiene la Dirección de Promoción y Prevención de Metrosalud para la realización de las ferias de la salud, comprender la relación que se da entre las líderes comunitariascomunidad y lideres comunitarias. Dirección de Promoción y Prevención de salud en Metrosalud y reconocer la percepción que la comunidad tiene de las ferias de la salud, ejecutadas por Metrosalud con Presupuesto Participativo.  7aPromoción de la salud2lemb959985 aLíderes comunitarios935364 aMetrosalud961909 7aEducación en salud2dcs919987 0aComunicación en medicina 981644 7aParticipación social2lemb940633 7aInteracción social2lemb94612 aSolidaridad social960991 aEquidad social927360 7aParticipación comunitaria2lemb9574 7aParticipación ciudadana2lemb964098 aComunicacion para la salud95540110aParra Manrique, Lenny4auteaut945701610aGiraldo Castro, Carlos Augusto4thseths929453010aGómez Gómez, Margarita María4thseths9401099 cTESIS c470052d470052 b121c13 a122 001040708TESDIGBCaBCbBCd2008-08-14eMaterial adquirido por donacióniC1013479l0o302.23 L864c CD-ROMp0678363r2023-04-28 00:00:00t1w2023-04-28yDIGITAL